=LDR 00000nam 2200000 4500 =001 INLIS000000000010131 =005 20200810082605 =035 ##$$a 0010-061300000010131 =008 200810################g##########0#ind## =041 ##$$a Ind =082 ##$$a 2x7.1 =090 ##$$a 2x7.1, Han m =100 ##$$a Handayu, T =245 1#$$a Memaknai cerita mengasah jiwa : $b Panduan menanamkan nilai moral pada anak melalui cerita /$c T. Handayu =260 ##$$a Solo :$b Era intermedia,$c 2001 =300 ##$$a 179 hlm, ; $c 12 x 19 cm =650 #4$$a Filsafat Islam =850 ##$$a NBPNMAT =020 ##$$a 979-9183-69-3 =084 ##$$a 2x7.1 HAN m =250 ##$$a Cet. 1 =504 ##$$a Bibliografi : hlm. 177- 179 =990 ##$$a 1036687 =990 ##$$a 1036688 =990 ##$$a 103. 6690